| 000 | 00577nam a2200157Ia 4500 | ||
|---|---|---|---|
| 008 | 170221s9999 xx 000 0 und d | ||
| 100 | _aDeng, Chuang. | ||
| 245 | 2 | _aA Novel Intelligent Working Monitoring and Guarding System of Smart Substations Based on UWB Positioning and Aerial LiDAR Data | |
| 245 | _cChuang Deng, Shengwei Wang, Junyong Liu, and Zhen Yu. | ||
| 260 | _bJournal of Communications | ||
| 260 | _c2016 | ||
| 300 | _a11 : 8 | ||
| 650 | _xCommunication | ||
| 650 | _xMedia Arts | ||
| 856 | _uhttp://www.jocm.us/index.php?m=content&c=index&a=lists&catid=165 | ||
| 999 |
_c306738 _d306738 |
||